[Event "SLO-chT 31st"]
[Site "Ljubljana"]
[Date "2021.09.24"]
[Round "7.1"]
[White "Mestek, Igor"]
[Black "Marinsek, Tomaz"]
[Result "1/2-1/2"]
[WhiteElo "2078"]
[BlackElo "2108"]
[PlyCount "182"]
[EventDate "2021.09.10"]
[EventType "team-tourn"]
[EventRounds "9"]
[EventCountry "SLO"]
[SourceTitle "CBM 204 Extra"]
[Source "ChessBase"]
[SourceDate "2021.11.30"]
[SourceVersion "1"]
[SourceVersionDate "2021.11.30"]
[SourceQuality "1"]
[WhiteTeam "Kocevje Inotherm"]
[BlackTeam "Trebnje BMP"]
[WhiteTeamCountry "SLO"]
[BlackTeamCountry "SLO"]

1. e4 d5 2. Nf3 dxe4 3. Ng5 Bf5 4. Nc3 Nf6 5. Bc4 e6 6. Qe2 Be7 7. Ncxe4 Nxe4 8. Nxe4 c6 9. 0-0 0-0 10. a4 Nd7 11. d3 Nb6 12. Bb3 Nd5 13. Ng3 Bg6 14. f4 Re8 15. Kh1 Bd6 16. Ne4 Bc7 17. Bd2 Ba5 18. Bxa5 Qxa5 19. Nd6 Re7 20. Nc4 Qd8 21. Ne5 Qd6 22. Qf2 a5 23. Nc4 Qc7 24. Qc5 b6 25. Qf2 Bf5 26. Rae1 Rb8 27. Qh4 Nf6 28. Ne5 h5 29. h3 Bh7 30. g4 hxg4 31. hxg4 Nd5 32. Rf3 f6 33. Rh3 g5 34. fxg5 fxe5 35. g6 Nf4 36. gxh7+ Rxh7 37. Qxh7+ Qxh7 38. Rxh7 Kxh7 39. Rxe5 Re8 40. Re4 Nd5 41. Kg2 Kg6 42. Kg3 Kf6 43. d4 Rh8 44. Re1 Rh7 45. c3 Rh8 46. Re2 Rh1 47. c4 Nc7 48. Bc2 Rg1+ 49. Kf3 Ne8 50. Be4 c5 51. d5 e5 52. Rh2 Rf1+ 53. Ke3 Nd6 54. Rh6+ Ke7 55. Bd3 Rf4 56. g5 Nxc4+ 57. Bxc4 Rxc4 58. Rxb6 Rxa4 59. Re6+ Kf7 60. Rxe5 Rd4 61. d6 Rxd6 62. Rxc5 Rb6 63. Rf5+ Kg7 64. Rf2 Rb4 65. Kd3 Kg6 66. Rg2 a4 67. Kc3 Rb3+ 68. Kc2 Rb5 69. Rg3 Rb4 70. Kc1 Rd4 71. Kb1 Re4 72. Ka2 Rf4 73. Ka3 Re4 74. Rf3 Kxg5 75. Rf8 Rd4 76. Ra8 Kf5 77. Rxa4 Rd1 78. Rc4 Ke6 79. Kb4 Rd8 80. b3 Kd5 81. Rc5+ Kd6 82. Kc4 Rh8 83. b4 Rb8 84. b5 Rh8 85. b6 Rh1 86. Rb5 Rh4+ 87. Kb3 Rh8 88. Kb4 Kc6 89. b7 Rb8 90. Ka5 Rxb7 91. Rxb7 Kxb7 1/2-1/2

[Event "SLO-chT 31st"]
[Site "Ljubljana"]
[Date "2021.09.17"]
[Round "4.1"]
[White "Sadovski, Nemanja"]
[Black "Marinsek, Tomaz"]
[Result "1/2-1/2"]
[WhiteElo "2005"]
[BlackElo "2108"]
[PlyCount "64"]
[EventDate "2021.09.10"]
[EventType "team-tourn"]
[EventRounds "9"]
[EventCountry "SLO"]
[SourceTitle "CBM 204 Extra"]
[Source "ChessBase"]
[SourceDate "2021.11.30"]
[SourceVersion "1"]
[SourceVersionDate "2021.11.30"]
[SourceQuality "1"]
[WhiteTeam "Kranj Stari Mayr"]
[BlackTeam "Trebnje BMP"]
[WhiteTeamCountry "SLO"]
[BlackTeamCountry "SLO"]

1. d4 d5 2. Nf3 Nf6 3. Bf4 Bf5 4. e3 e6 5. Bd3 Bg6 6. Nbd2 Bd6 7. Ne5 Qe7 8. h4 Bxd3 9. cxd3 Nbd7 10. a3 a5 11. Qb3 Nb6 12. Qb5+ Nfd7 13. Ndf3 f6 14. Nxd7 Qxd7 15. Qxd7+ Kxd7 16. Bxd6 cxd6 17. Kd2 Rac8 18. Rac1 h5 19. Rxc8 Rxc8 20. Rc1 Rxc1 21. Kxc1 Kc6 22. Ng1 e5 23. Ne2 Nc8 24. f3 g5 25. Ng3 gxh4 26. Nxh5 f5 27. Kd2 Ne7 28. Nf6 Ng6 29. dxe5 dxe5 30. Nh5 f4 31. e4 d4 32. Kc2 a4 1/2-1/2

[Event "SLO-chT1 West 29th"]
[Site "Slovenia"]
[Date "2019.09.27"]
[Round "4.4"]
[White "Kariz, Peter"]
[Black "Marinsek, Tomaz"]
[Result "1-0"]
[WhiteElo "2129"]
[BlackElo "2124"]
[PlyCount "53"]
[EventDate "2019.09.20"]
[EventType "team-tourn"]
[EventRounds "9"]
[EventCountry "SLO"]
[SourceTitle "CBM 192 Extra"]
[Source "Chessbase"]
[SourceDate "2019.11.06"]
[SourceVersion "1"]
[SourceVersionDate "2019.11.06"]
[SourceQuality "1"]
[WhiteTeam "Vrhnika"]
[BlackTeam "Trebnje BMP"]
[WhiteTeamCountry "SLO"]
[BlackTeamCountry "SLO"]

1. e4 d5 2. exd5 Qxd5 3. Nc3 Qe5+ 4. Be2 c6 5. Nf3 Qa5 6. d4 Nf6 7. 0-0 Bf5 8. Bf4 e6 9. Ne5 Be7 10. Re1 Nd5 11. Nxd5 cxd5 12. a3 0-0 13. c4 dxc4 14. Nxc4 Qd8 15. Bf3 Nc6 16. d5 exd5 17. Bxd5 Rc8 18. Rc1 Bg5 19. Bxg5 Qxg5 20. Nd6 Rc7 21. Rc5 Re7 22. Bxc6 bxc6 23. Nxf5 Rxe1+ 24. Qxe1 Rd8 25. h4 Qg4 26. f3 Qf4 27. Qg3 1-0

[Event "SLO-chT1 West"]
[Site "Slovenia"]
[Date "2018.09.30"]
[Round "3.5"]
[White "Marinsek, Tomaz"]
[Black "Pazlar, Marko"]
[Result "1/2-1/2"]
[WhiteElo "2127"]
[BlackElo "2073"]
[PlyCount "75"]
[EventDate "2018.09.28"]
[EventType "team-tourn"]
[EventRounds "9"]
[EventCountry "SLO"]
[SourceTitle "CBM 187 Extra"]
[Source "ChessBase"]
[SourceDate "2018.11.04"]
[SourceVersion "1"]
[SourceVersionDate "2018.11.04"]
[SourceQuality "1"]
[WhiteTeam "Trebnje BMP"]
[BlackTeam "Jeenice Sij Acroni"]
[WhiteTeamCountry "SLO"]
[BlackTeamCountry "SLO"]

1. e4 e6 2. d4 d5 3. exd5 exd5 4. Nf3 Bd6 5. Bd3 Ne7 6. Nc3 c6 7. Ne2 Bf5 8. Bxf5 Nxf5 9. Qd3 Ne7 10. 0-0 Na6 11. Ng3 f6 12. Re1 0-0 13. Bd2 Qd7 14. Re2 Rfe8 15. Rae1 Nc7 16. b3 Bxg3 17. hxg3 Ng6 18. c4 Rxe2 19. Rxe2 Re8 20. Rxe8+ Nxe8 21. Bf4 Qe6 22. Bb8 a6 23. Nd2 Qe1+ 24. Nf1 Ne7 25. Qf3 Qe6 26. Qd3 g6 27. Ne3 Kf7 28. g4 Nd6 29. Bxd6 Qxd6 30. Qc3 Qd7 31. Qd3 Qe6 32. f3 Qd6 33. Kf2 Kg7 34. g3 Qe6 35. Qc2 Qd6 36. Qd3 Qa3 37. Qe2 Qd6 38. Qd3 1/2-1/2

[Event "Ljubljana-chT 70th"]
[Site "Ljubljana"]
[Date "2017.03.09"]
[Round "7.2"]
[White "Marinsek, Tomaz"]
[Black "Debevec, Blaz"]
[Result "0-1"]
[WhiteElo "2148"]
[BlackElo "2180"]
[PlyCount "32"]
[EventDate "2017.01.12"]
[EventType "team-tourn"]
[EventRounds "9"]
[EventCountry "SLO"]
[SourceTitle "EXT 2019"]
[Source "ChessBase"]
[SourceDate "2018.10.10"]
[SourceVersion "1"]
[SourceVersionDate "2018.10.10"]
[SourceQuality "1"]
[WhiteTeam "Mentor"]
[BlackTeam "Komenda Popotnik"]
[WhiteTeamCountry "SLO"]
[BlackTeamCountry "SLO"]

1. e4 e5 2. Nf3 Nc6 3. Bb5 f5 4. Nc3 fxe4 5. Nxe4 Nf6 6. Qe2 d5 7. Nxf6+ gxf6 8. d4 Bg7 9. Be3 0-0 10. 0-0-0 e4 11. Nd2 Qd6 12. c4 f5 13. cxd5 Nb4 14. g3 Nxd5 15. Kb1 Be6 16. Nc4 Qb4 0-1

[Event "SLO-chT1 West"]
[Site "Slovenia"]
[Date "2016.12.10"]
[Round "8"]
[White "Janzelj, Lara"]
[Black "Marinsek, Tomaz"]
[Result "1-0"]
[WhiteElo "2106"]
[BlackElo "2171"]
[PlyCount "91"]
[EventDate "2016.11.11"]
[EventType "team-tourn"]
[EventRounds "9"]
[EventCountry "SLO"]
[SourceTitle "EXT 2018"]
[Source "ChessBase"]
[SourceDate "2017.10.13"]
[SourceVersion "1"]
[SourceVersionDate "2017.10.13"]
[SourceQuality "1"]
[WhiteTeam "Ig"]
[BlackTeam "Trebnje BMP"]
[WhiteTeamCountry "SLO"]
[BlackTeamCountry "SLO"]

1. d4 d5 2. c4 dxc4 3. Nf3 Nf6 4. e3 e6 5. Bxc4 c5 6. 0-0 a6 7. b3 b5 8. Bd3 Bb7 9. Bb2 Nbd7 10. Qe2 cxd4 11. Bxd4 Bd6 12. Bb2 0-0 13. Rd1 Qb8 14. h3 Ne5 15. Nxe5 Bxe5 16. Nc3 Rc8 17. Rac1 b4 18. Na4 Rxc1 19. Bxc1 Qc7 20. f4 Bc3 21. Nxc3 bxc3 22. e4 e5 23. Rf1 Rd8 24. Bc2 Re8 25. Rf3 Nh5 26. fxe5 Qxe5 27. Qc4 Nf6 28. Bf4 Qb5 29. Rxc3 Bxe4 30. a4 Qf5 31. Bxe4 Nxe4 32. Rf3 Qg6 33. b4 h5 34. b5 Re6 35. Be3 axb5 36. axb5 Nd6 37. Qb3 Qe4 38. b6 Nb7 39. Kh2 Qe5+ 40. Bf4 Qe4 41. Bc7 Nc5 42. Qb5 Qd5 43. Rc3 Rg6 44. Rc2 Rg5 45. Qxc5 Rxg2+ 46. Kh1 1-0

[Event "SLO-chT1 West"]
[Site "Slovenia"]
[Date "2016.11.27"]
[Round "6"]
[White "Marinsek, Tomaz"]
[Black "Unuk, Laura"]
[Result "0-1"]
[WhiteElo "2171"]
[BlackElo "2248"]
[PlyCount "80"]
[EventDate "2016.11.11"]
[EventType "team-tourn"]
[EventRounds "9"]
[EventCountry "SLO"]
[SourceTitle "EXT 2018"]
[Source "ChessBase"]
[SourceDate "2017.10.13"]
[SourceVersion "1"]
[SourceVersionDate "2017.10.13"]
[SourceQuality "1"]
[WhiteTeam "Trebnje BMP"]
[BlackTeam "Ljubljana Duol"]
[WhiteTeamCountry "SLO"]
[BlackTeamCountry "SLO"]

1. e4 e5 2. Nf3 Nc6 3. Bb5 a6 4. Ba4 Nf6 5. 0-0 b5 6. Bb3 Bc5 7. c3 d6 8. d4 Bb6 9. h3 Bb7 10. Re1 0-0 11. Be3 exd4 12. cxd4 Na5 13. Bc2 Bxe4 14. Bg5 Bxc2 15. Qxc2 h6 16. Bh4 d5 17. Re5 Qd6 18. Bxf6 Qxf6 19. Rxd5 Nc6 20. Qd2 Rad8 21. Nc3 b4 22. Ne4 Qg6 23. Rxd8 Rxd8 24. Re1 Nxd4 25. Nxd4 Rxd4 26. Qe2 Rd8 27. Kh1 a5 28. Ng3 Qd3 29. Qg4 Qd2 30. Re2 Qd4 31. Qf3 Qd1+ 32. Kh2 Qd6 33. Kh1 Bc5 34. Ne4 Qd1+ 35. Kh2 Bd6+ 36. g3 Be5 37. Qg4 f5 38. Nf6+ Bxf6 39. Re8+ Kf7 40. Qc4+ Kxe8 0-1

[Event "SLO-chT1 West"]
[Site "Ljubljana"]
[Date "2013.10.27"]
[Round "9"]
[White "Marinsek, Tomaz"]
[Black "Novkovic, Stojan"]
[Result "1-0"]
[WhiteElo "2156"]
[BlackElo "2058"]
[PlyCount "81"]
[EventDate "2013.09.27"]
[EventType "team-tourn"]
[EventRounds "9"]
[EventCountry "SLO"]
[SourceTitle "EXT 2019"]
[Source "ChessBase"]
[SourceDate "2018.10.10"]
[SourceVersion "1"]
[SourceVersionDate "2018.10.10"]
[SourceQuality "1"]
[WhiteTeam "Trebnje BMP"]
[BlackTeam "Podpec SD"]
[WhiteTeamCountry "SLO"]
[BlackTeamCountry "SLO"]

1. e4 c5 2. Nf3 Nc6 3. d4 cxd4 4. Nxd4 Nf6 5. Nc3 d6 6. Bc4 g6 7. h3 Bd7 8. Be3 Bg7 9. 0-0 0-0 10. Re1 Rc8 11. Nxc6 Rxc6 12. Bb3 a6 13. a4 Rc8 14. a5 Bc6 15. Bd4 Nd7 16. Bxg7 Kxg7 17. Qd4+ Kg8 18. Re2 Nc5 19. Bd5 Nd7 20. Bxc6 bxc6 21. Qc4 Ne5 22. Qa4 Qc7 23. f4 Qa7+ 24. Kh2 Nd7 25. Qc4 e6 26. Rd1 d5 27. Qd3 Rb8 28. b3 Ra8 29. Na4 Qc7 30. Qd2 Nf6 31. exd5 cxd5 32. Qd4 Ne4 33. Qe5 Qc5 34. Rxe4 Rac8 35. Re2 Qb4 36. Rd3 Rc6 37. f5 exf5 38. Qd4 Qd6+ 39. Kh1 Rd8 40. Nc3 Qa3 41. Nxd5 1-0

[Event "SLO-chT1 West"]
[Site "Ljubljana"]
[Date "2013.09.28"]
[Round "2"]
[White "Mencinger, Vojko"]
[Black "Marinsek, Tomaz"]
[Result "1/2-1/2"]
[WhiteElo "2411"]
[BlackElo "2156"]
[PlyCount "126"]
[EventDate "2013.09.27"]
[EventType "team-tourn"]
[EventRounds "9"]
[EventCountry "SLO"]
[SourceTitle "EXT 2019"]
[Source "ChessBase"]
[SourceDate "2018.10.10"]
[SourceVersion "1"]
[SourceVersionDate "2018.10.10"]
[SourceQuality "1"]
[WhiteTeam "Gorenjka Lesce"]
[BlackTeam "Trebnje BMP"]
[WhiteTeamCountry "SLO"]
[BlackTeamCountry "SLO"]

1. e4 d5 2. exd5 Qxd5 3. Nc3 Qa5 4. d4 c6 5. Nf3 Nf6 6. Bc4 Bf5 7. Bd2 e6 8. Ne4 Qd8 9. Ng3 Bg4 10. c3 Bd6 11. h3 Bxf3 12. Qxf3 Nbd7 13. 0-0 0-0 14. Rfe1 Qc7 15. Bb3 c5 16. dxc5 Bxc5 17. Rad1 Rad8 18. Bg5 h6 19. Bf4 Qc6 20. Qxc6 bxc6 21. Ba4 Rc8 22. b4 Be7 23. Nf5 exf5 24. Rxe7 Nb6 25. Rxa7 Nfd5 26. Be5 Rfe8 27. Bd4 Nxa4 28. Rxa4 Re2 29. c4 Nf4 30. Be3 Rxe3 31. fxe3 Ne2+ 32. Kh2 Nc3 33. Ra6 Nxd1 34. b5 cxb5 35. cxb5 Rb8 36. a4 Nc3 37. Kg3 g6 38. Kf4 Kg7 39. Kf3 Rb7 40. g4 fxg4+ 41. hxg4 h5 42. gxh5 gxh5 43. b6 Nxa4 44. Rxa4 Rxb6 45. Kg3 Kg6 46. Ra8 Rb4 47. Rh8 f6 48. Ra8 Kg5 49. Ra5+ Kg6 50. Ra8 Rg4+ 51. Kf3 Rh4 52. Kg3 Rh1 53. Ra5 Rg1+ 54. Kf2 Rg5 55. Ra4 Rg4 56. Ra8 Kg5 57. Rf8 Kf5 58. Rh8 Rh4 59. Kg3 Rh1 60. Kg2 Rh4 61. Kg3 Rg4+ 62. Kf3 Rh4 63. Kg3 Rg4+ 1/2-1/2

[Event "SLO-chT Central Superliga 12th"]
[Site "Slovenia"]
[Date "2011.10.06"]
[Round "4.3"]
[White "Skok, Boris"]
[Black "Marinsek, Tomaz"]
[Result "1-0"]
[WhiteElo "2072"]
[BlackElo "2148"]
[PlyCount "71"]
[EventDate "2011.09.08"]
[EventType "team-tourn"]
[EventRounds "7"]
[EventCountry "SLO"]
[SourceTitle "EXT 2022"]
[Source "ChessBase"]
[SourceDate "2021.10.06"]
[SourceVersion "1"]
[SourceVersionDate "2021.10.06"]
[SourceQuality "1"]
[WhiteTeam "Komenda Popotnik"]
[BlackTeam "IBM"]
[WhiteTeamCountry "SLO"]
[BlackTeamCountry "SLO"]

1. d4 d5 2. c4 dxc4 3. e3 e5 4. Bxc4 Bb4+ 5. Nc3 Bxc3+ 6. bxc3 Qe7 7. Qb3 c6 8. a4 exd4 9. cxd4 Nd7 10. Ba3 Qf6 11. Nf3 Nh6 12. 0-0 Nb6 13. Ne5 Be6 14. Bxe6 Qxe6 15. Qxe6+ fxe6 16. a5 Nd7 17. a6 Nxe5 18. axb7 Rb8 19. dxe5 Rxb7 20. Rfb1 Rb5 21. Rxb5 cxb5 22. Bb4 Kd7 23. Rxa7+ Kc6 24. e4 Rd8 25. f3 Rd4 26. Bd6 b4 27. Rc7+ Kb5 28. Rb7+ Ka4 29. Bxb4 Rxb4 30. Rxg7 Rb8 31. Rxh7 Ng8 32. h4 Kb4 33. h5 Kc4 34. h6 Kd4 35. Rh8 Kxe5 36. Kh2 1-0

[Event "Ljubljana-chT 64th Superliga"]
[Site "Ljubljana"]
[Date "2011.03.03"]
[Round "6.1"]
[White "Pirnat, Saso"]
[Black "Marinsek, Tomaz"]
[Result "1-0"]
[WhiteElo "2069"]
[BlackElo "2151"]
[PlyCount "63"]
[EventDate "2011.01.13"]
[EventType "team-tourn"]
[EventRounds "9"]
[EventCountry "SLO"]
[SourceTitle "EXT 2022"]
[Source "ChessBase"]
[SourceDate "2021.10.06"]
[SourceVersion "1"]
[SourceVersionDate "2021.10.06"]
[SourceQuality "1"]
[WhiteTeam "Visnja Gora Sticna"]
[BlackTeam "Klinicni Center"]
[WhiteTeamCountry "SLO"]
[BlackTeamCountry "SLO"]

1. d4 d5 2. e4 dxe4 3. Nc3 e5 4. Qh5 Nf6 5. Qxe5+ Be7 6. Bf4 Nc6 7. Qxc7 Qxc7 8. Bxc7 Nxd4 9. 0-0-0 Nc6 10. Bb5 Bd7 11. Nge2 Rc8 12. Bd6 a6 13. Bxe7 Kxe7 14. Bxc6 Bxc6 15. Nd4 Rhd8 16. Rhe1 Kf8 17. Nxc6 Rxd1+ 18. Kxd1 Rxc6 19. Nxe4 Nd5 20. g3 Rb6 21. Nc5 Nf6 22. Kc1 g6 23. a4 Rb4 24. b3 a5 25. f4 Nd5 26. Re5 Nf6 27. Nd3 Re4 28. Rxa5 Re2 29. Rb5 Rxh2 30. Rxb7 Nd5 31. a5 Ne3 32. a6 1-0

[Event "SLO-chT1 West"]
[Site "Ljubljana"]
[Date "2010.10.17"]
[Round "9.2"]
[White "Marinsek, Tomaz"]
[Black "Zeleznik, Alojz"]
[Result "1/2-1/2"]
[WhiteElo "2161"]
[BlackElo "2192"]
[PlyCount "26"]
[EventDate "2010.09.24"]
[EventType "team-tourn"]
[EventRounds "9"]
[EventCountry "SLO"]
[SourceTitle "CBM 138 Extra"]
[Source "ChessBase"]
[SourceDate "2010.10.29"]
[SourceVersion "1"]
[SourceVersionDate "2010.10.29"]
[SourceQuality "1"]
[WhiteTeam "Trebnje BMP"]
[BlackTeam "Jesenice"]
[WhiteTeamCountry "SLO"]
[BlackTeamCountry "SLO"]

1. e4 c5 2. Nf3 Nc6 3. d4 cxd4 4. Nxd4 Nf6 5. Nc3 e6 6. Be3 Bb4 7. Bd3 d5 8. exd5 Nxd5 9. Nxc6 bxc6 10. Bd2 Nxc3 11. bxc3 Bd6 12. Qf3 Qc7 13. Rb1 0-0 1/2-1/2

[Event "SLO-chT1 West"]
[Site "Ljubljana"]
[Date "2010.10.09"]
[Round "5.3"]
[White "Marinsek, Tomaz"]
[Black "Plaskan, Jure"]
[Result "0-1"]
[WhiteElo "2161"]
[BlackElo "2224"]
[PlyCount "52"]
[EventDate "2010.09.24"]
[EventType "team-tourn"]
[EventRounds "9"]
[EventCountry "SLO"]
[SourceTitle "CBM 138 Extra"]
[Source "ChessBase"]
[SourceDate "2010.10.29"]
[SourceVersion "1"]
[SourceVersionDate "2010.10.29"]
[SourceQuality "1"]
[WhiteTeam "Trebnje BMP"]
[BlackTeam "Domzale"]
[WhiteTeamCountry "SLO"]
[BlackTeamCountry "SLO"]

1. e4 c5 2. Nf3 d6 3. d4 Nf6 4. Nc3 cxd4 5. Nxd4 a6 6. a4 b6 7. Bd3 Nbd7 8. 0-0 g6 9. f4 Bg7 10. Nb3 0-0 11. Qe2 Qc7 12. Be3 e5 13. h3 Bb7 14. Qf2 d5 15. exd5 Nxd5 16. Nxd5 Bxd5 17. Nd2 Nc5 18. Bxc5 bxc5 19. c3 exf4 20. Nc4 f3 21. gxf3 Rad8 22. Rad1 Be6 23. Qh4 Rd5 24. Kf2 Qh2+ 25. Ke1 Re8 26. Qf2 Qxf2+ 0-1